Normal view
MARC view
- View of the Earth
Entry Topical Term
001 - CONTROL NUMBER
- control field: 113679
003 - CONTROL NUMBER IDENTIFIER
- control field: NUST
005 - DATE AND TIME OF LATEST TRANSACTION
- control field: 20230717102728.0
008 - FIXED-LENGTH DATA ELEMENTS
- fixed length control field: 230717|| aca||aabn | a|a d
040 ## - CATALOGING SOURCE
- Original cataloging agency: NUST
- Transcribing agency: NUST
150 ## - HEADING--TOPICAL TERM
- Topical term or geographic name entry element: View of the Earth
670 ## - SOURCE DATA FOUND
- Source citation: Work cat.: (NUST)183769: Fagan, John J. 113678, View of the Earth: An introduction to geology / , [1965]
